| 000 | 01664nam a2200517 i 4500 | ||
|---|---|---|---|
| 001 | 53689 | ||
| 003 | KOSZ 005 | ||
| 005 | 20240405063203.0 | ||
| 008 | 010329s2000 pl |000 0 pol | ||
| 015 | _aUWD 2001/6631 | ||
| 020 | _a8311092362 | ||
| 035 | _a991015948729705066 | ||
| 035 | _a(PL-WaBN)b14282240-48omnis_nlop | ||
| 035 | _ab14282240 | ||
| 035 | _a(OCoLC)830235539 | ||
| 035 | _azz2003891954 | ||
| 035 | _a(PL)b0000001428224 | ||
| 035 | _a(EXLNZ-48OMNIS_NETWORK)9910373854705606 | ||
| 040 |
_aWA N _cWA N _dKOSZ 005/HR |
||
| 041 | 0 | _apol | |
| 046 | _k2000 | ||
| 080 | _a338.2(438)"1989/..." | ||
| 100 | 1 |
_aSadowski, Zdzisław _d(1925-2018) _eAutor |
|
| 245 | 1 | 0 |
_aEseje o gospodarce / _cZdzisław Sadowski. |
| 260 |
_aWarszawa : _b"Bellona" : _bPolskie Towarzystwo Ekonomiczne, _c2000. |
||
| 300 |
_a147, [1] s. ; _c25 cm. |
||
| 336 |
_aTekst _btxt _2rdacontent |
||
| 337 |
_aBez urządzenia pośredniczącego _bn _2rdamedia |
||
| 338 |
_aWolumin _bnc _2rdacarrier |
||
| 380 | _aKsiążki | ||
| 388 | _a1901-2000 | ||
| 388 | _a1989-2000 | ||
| 490 | 1 | _aEkonomia i Świat Współczesny | |
| 648 | 7 | _a1901-2000 | |
| 648 | 7 | _a1989-2000 | |
| 650 | _aPolityka gospodarcza | ||
| 651 | 7 |
_aPolska _2DBN |
|
| 655 | 7 |
_aPublicystyka polska _2DBN |
|
| 655 | 7 | _aEsej | |
| 658 | _aGospodarka, ekonomia, finanse | ||
| 710 | 2 |
_aDom Wydawniczy Bellona _4pbl |
|
| 830 | 0 | _aEkonomia i Świat Współczesny | |
| 856 |
_uhttp://koha.tu.koszalin.pl/cgi-bin/koha/opac-detail.pl?biblionumber=53689 _yKatalog online BPK |
||
| 942 |
_2UKD _cKS |
||
| 999 |
_c53689 _d53689 |
||